| 000 | 01369nam0a22003851 4500 | ||
|---|---|---|---|
| 001 | RU\NLR\A1\32934 | ||
| 005 | 20251203152403.2 | ||
| 035 | _a(NLR Aleph) 009683078 | ||
| 090 |
_a9709080 _c9709080 |
||
| 100 | _a20020130d1797 u y0rusy50 ca | ||
| 101 | 0 | _arus | |
| 102 | _aRU | ||
| 200 | 1 | _aОда на прибытие е.и.в. Павла Перваго... в первопрестольный град Москву, марта дня, 1797 года | |
| 210 |
_aМ. _cУнив. тип., у Хр.Ридигера и Хр.Клаудия _d[1797] |
||
| 215 |
_a8 с. _d4° |
||
| 304 | _aВ конце текста авт.: Князь Петр Шаликов | ||
| 321 | 1 | _aСК XVIII 8205 | |
| 600 | 0 |
_aПавел _dI _cимп. _f1754-1801 |
|
| 620 | _dМосква | ||
| 700 | 1 |
_aШаликов _bП.И. _f1768-1852 _gПетр Иванович _4070 |
|
| 702 | 1 |
_aРидигер _bХ. _gХристиан _4610 |
|
| 702 | 1 |
_aКлаудий _bХ.А. _f-1805 _gХристофор Александрович _4610 |
|
| 712 | 0 | 2 |
_aМосковский университет _bТипография _4610 |
| 801 | 0 |
_aRU _bNLR _c20020130 |
|
| 830 | _aВопрос в РГБ | ||
| 899 | _aРГБ | ||
| 899 | _aБАН | ||
| 899 | _aМГУ | ||
| 899 | _aРГБ | ||
| 899 | _aБАН | ||
| 899 | _aМГУ | ||
| 942 | _cBOOK | ||
| 980 | _aNB | ||
| 980 | _aA1XVIIIv | ||